000 01344nam0a22003011 4500
001 rc\3063069
005 20161101173651.1
010 _d45 к., переплет 12 к.
_975000
021 _aRU
_b9633
035 _a(NLR Aleph) 011261227
090 _a12216650
_c12216650
100 _a20110531d1928 kdey0rusy50 ca
101 0 _arus
102 _aRU
105 _ay j |||||
200 1 _aРабочая книга по орфографии
_eсборник материалов и задач для самостоятельных орфографических упражнений ...
_fС.И. Абакумов и В.Н. Клюева
205 _aИзд. 8-е
_b331-405 тысяча
210 _aМосква
_aЛенинград
_cГосударственное издательство
_d1928
_eв Ленинграде
_gтипография Печатный двор
215 _a124 с., [4] с. объявл.
_d23×16
686 0 _aШ141.12-92"1917-1934"2-8
_2rubbk
700 1 _aАбакумов
_bС. И.
_f1890-1949
_gСергей Иванович
701 1 _aКлюева
_bВ. Н.
_cфилолог, поэт
_f1894-1964
_gВера Николаевна
_3RU\NLR\AUTH\77121979
_7ca
801 0 _aRU
_bNLR
_gpsbo
801 1 _aRU
_bELAR
_2rusmarc
801 2 _aRU
_bNLR
_c20161101
_2rusmarc
852 _aNLR
_j56/260
942 _cBOOK
980 _aNB